| 000 | 00586cam a2200205 4500500 | ||
|---|---|---|---|
| 005 | 20260405003603.0 | ||
| 041 | _afre | ||
| 042 | _adc | ||
| 100 | 1 | 0 |
_aDurand, Jean-Marie _eauthor |
| 245 | 0 | 0 | _aCher Connard |
| 260 | _c2022. | ||
| 500 | _a28 | ||
| 690 | _aColère | ||
| 690 | _aCorrespondance | ||
| 690 | _aHomme/Femme | ||
| 690 | _aMeToo | ||
| 690 | _aVirginie Despentes | ||
| 786 | 0 | _nPhilosophie magazine | 163 | 10 | 2022-10-01 | p. 57-58 | 1951-1787 | |
| 856 | 4 | 1 | _uhttps://shs.cairn.info/magazine-philosophie-magazine-2022-10-page-57?lang=fr&redirect-ssocas=7080 |
| 999 |
_c2069011 _d2069011 |
||